1294 1325 1771 1470 1638 1965 1801 1311 1829 1188 1144 1413 1426 1878 1943 1708 1410 1631 1707 1479 1077 1109 1271 1721 1001 1451 1877 1427 1007 1898 1572 1188 1638 1162 1920 1690 1084 1876 1220 1455 1505 1367 1770 1684 1097 1728 1186 1651 1734 1169 1455 1652 1659 1895 1124 1099 1255 1011 1261 1803 1276 1028 1446 1286 1493 1834 1315 1486 1012 1852 1730 1766 1418 1010 1472 1037 1343 1209 1745 1969 1952 1185 1287 1240 1052 1436 1042 1768 1980 1140 1591 1198 1244 1722 1904 1226 1492 1121 1082 BCNSPRNW ULIB Ver.6.0+V

เปลี่ยนเป็นภาษาไทย

Change to English
 แสดงรายละเอียดบรรณานุกรม
  กลับหน้าหลัก

Brief Record : Get Marc (ISO 2709) : E-mail record : QR code < ปิดหน้าต่าง
LEADER : 00000nam 2200000uu 4500
001    13399111343
003     ULIB
008    110622s2551||||th 000 0 tha d
020    9741335407
060 04 WY85^bส733จ 2551
100 0  สิวลี ศิริไล
245 10 จริยศาสตร์สำหรับพยาบาล /^cสิวลี ศิริไล
250    พิมพ์ครั้งที่ 10
260    กรุงเทพฯ :^bโรงพิมพ์แห่งจุฬาลงกรณ์มหาวิทยาลัย,^c2551
300    279 หน้า ;^c21 ซม.
650  7 จรรยาบรรณพยาบาล
650  7 จริยศาสตร์
945    ^p150^l0^i15373
995     เกษร
999    ^aใช้งานได้ทุกระบบ
รายการนี้ยังไม่มีแท็ก
คุณยังไม่ได้ล็อกอิน คุณสามารถมีกิจกรรมร่วมกับเว็บไซต์ได้ แต่ต้องล็อกอินก่อน ::
  ล็อกอิน

รายการสื่อสารสนเทศ

ลำดับที่ ประเภท เลขเรียก/บาร์โค้ด สถานที่ สถานะ
1. วิทยาศาสตร์การแพทย์ และสุขภาพ
วิทยาศาสตร์การแพทย์ และสุขภาพ
WY85 ส733จ 2551  
  Barcode: 15373
ห้องสมุดวิทยาเขตสวรรค์ประชารักษ์
►ส่วนจัดเก็บหนังสือเก่า สปร
บนชั้น
  ขอยืม

รายการใกล้เคียง
    ผู้แต่ง [สิวลี ศิริไล]

    หัวเรื่อง [จรรยาบรรณพยาบาล]
    หัวเรื่อง [จริยศาสตร์]

BibComment


ยังไม่เคยถูกคอมเมนท์

คอมเมนท์ทรัพยากรรายการนี้
  คอมเมนท์: จริยศาสตร์สำหรับพ..


 Copyright 2026. Bcnsprnw @Library